000 00485nam a2200193Ia 4500
008 101110s9999 xx 000 0 und d
041 _aENGLISH
082 _bSR68
_a380
100 _aWright F.J.
245 _aTeach Yourself Business Organisation
365 _b0
520 _aCommerce
546 _aENGLISH
630 _aTeach Yourself Business Organisation
650 _aCommerce
655 _aCommerce
730 _aTeach Yourself Business Organisation
942 _cBOOK
999 _c797501
_d797498